[Event "Championnat de France des Jeunes - Pupil"]
[Site "LE GRAND BORNAND"]
[Date "????.??.??"]
[Round "1.4"]
[White "Navrotescu, Andreea Cristiana"]
[Black "Kambrath, Linda"]
[Result "1-0"]
[WhiteElo "1670"]
[BlackElo "1360"]
[PlyCount "71"]

1. d4 d5 2. c4 e6 3. Nc3 Nc6 4. Nf3 Nf6 5. Bg5 Bb4 6. e3 Bd7 7. cxd5 exd5 8.
Bd3 O-O 9. Qc2 h6 10. Bh4 Qe7 11. O-O Rfe8 12. Nxd5 Qd6 13. Nxf6+ gxf6 14. Bg3
Qe6 15. Rfd1 Qe7 16. Bf4 Kg7 17. Nh4 Rh8 18. Bf5 Kf8 19. Bxd7 Qxd7 20. Qf5 Qe7
21. Qc2 Bd6 22. Nf5 Qd7 23. Bxh6+ Ke8 24. Nxd6+ cxd6 25. Bg7 Rg8 26. Qe4+ Kd8
27. Bxf6+ Kc7 28. d5 Nd8 29. Rac1+ Kb8 30. Qe7 Qxe7 31. Bxe7 a6 32. Bxd6+ Ka7
33. Rc7 Rb8 34. Rdc1 Ka8 35. Re7 f6 36. Bxb8 1-0

[Event "Championnat de France des Jeunes - Pupil"]
[Site "LE GRAND BORNAND"]
[Date "????.??.??"]
[Round "1.5"]
[White "Guinard, Charline"]
[Black "Rigolot, Lucie"]
[Result "0-1"]
[WhiteElo "1350"]
[BlackElo "1654"]
[PlyCount "74"]

1. e4 c5 2. Nc3 Nc6 3. Bc4 d6 4. d3 Nf6 5. h3 a6 6. a4 Bd7 7. Nf3 e6 8. Be3 Be7
9. Qd2 Qc7 10. d4 Na5 11. b3 Rd8 12. Be2 c4 13. Rb1 cxb3 14. cxb3 Rc8 15. Na2
Nxe4 16. Qd3 d5 17. O-O Qc2 18. Qxc2 Rxc2 19. Nc1 Rc8 20. Ne5 Nc3 21. Rb2 Nxe2+
22. Nxe2 Nc6 23. Nxd7 Kxd7 24. f4 g6 25. g4 h5 26. f5 hxg4 27. hxg4 gxf5 28.
gxf5 Rcg8+ 29. Kf2 Bb4 30. Bd2 Bxd2 31. Rxd2 Rh2+ 32. Ke1 Rgg2 33. fxe6+ fxe6
34. Rg1 Rxg1+ 35. Nxg1 Rxd2 36. Kxd2 Nxd4 37. Kc3 e5 0-1

[Event "Championnat de France des Jeunes - Pupil"]
[Site "LE GRAND BORNAND"]
[Date "????.??.??"]
[Round "1.6"]
[White "Monpeurt, Cyrielle"]
[Black "Houzelot, Alice"]
[Result "1-0"]
[WhiteElo "1640"]
[BlackElo "1340"]
[PlyCount "71"]

1. e4 e5 2. Nf3 Nc6 3. Bb5 Nge7 4. O-O g6 5. c3 Bg7 6. Re1 O-O 7. d4 exd4 8.
cxd4 d5 9. Nc3 Re8 10. exd5 a6 11. Bxc6 bxc6 12. dxc6 Nxc6 13. Rxe8+ Qxe8 14.
Bf4 Qd7 15. Be5 Nxe5 16. Nxe5 Qf5 17. Qf3 Qxf3 18. Nxf3 Rb8 19. b3 Bg4 20. Rd1
Bxf3 21. gxf3 c5 22. Ne2 Rd8 23. d5 Re8 24. Kf1 Be5 25. h3 Rd8 26. f4 Bg7 27.
d6 Rd7 28. Ng3 Bf8 29. Ne4 Kh8 30. Nxc5 Rxd6 31. Rxd6 Bxd6 32. Nxa6 Bxf4 33. b4
Be5 34. a4 Kg8 35. b5 Kf8 36. b6 1-0

[Event "Championnat de France des Jeunes - Pupil"]
[Site "LE GRAND BORNAND"]
[Date "????.??.??"]
[Round "1.7"]
[White "Ponti-Simonis, Valentine"]
[Black "Nolot, Clementine"]
[Result "0-1"]
[WhiteElo "1340"]
[BlackElo "1630"]
[PlyCount "40"]

1. e4 e5 2. Nf3 Nc6 3. Bc4 Bc5 4. c3 Nf6 5. d4 exd4 6. cxd4 Bb4+ 7. Nc3 Nxe4 8.
O-O Nxc3 9. bxc3 Bxc3 10. Ba3 d6 11. Qb3 Bxa1 12. Re1+ Ne7 13. Bxf7+ Kf8 14.
Ng5 Bxd4 15. Qf3 Bf6 16. Re6 Bxg5 17. Bh5+ Nf5 18. Qxf5+ Bf6 19. Re8+ Qxe8 20.
Bxe8 Bxf5 0-1

[Event "Championnat de France des Jeunes - Pupil"]
[Site "LE GRAND BORNAND"]
[Date "????.??.??"]
[Round "1.8"]
[White "Aggoune, Audessa"]
[Black "Tamburro, Clemence"]
[Result "1-0"]
[WhiteElo "1620"]
[BlackElo "1340"]
[PlyCount "55"]

1. d4 d5 2. c4 e5 3. Nc3 dxc4 4. a3 exd4 5. Nb5 Nc6 6. Bf4 Bd6 7. Bxd6 cxd6 8.
Nxd4 Ne5 9. Rc1 Qb6 10. b3 cxb3 11. Nxb3 Ng4 12. e3 Be6 13. Bc4 Bd7 14. h3 Ne5
15. Bd5 Bb5 16. Rc3 Nf6 17. Bf3 O-O 18. Nd4 Rab8 19. Qb3 Nxf3+ 20. Ngxf3 Ne4
21. Rc1 Qa5+ 22. Qb4 Qxb4+ 23. axb4 Bd7 24. Rc7 Ba4 25. O-O Rfc8 26. Rfc1 Nf6
27. Rxc8+ Rxc8 28. Rxc8+ 1-0

[Event "Championnat de France des Jeunes - Pupil"]
[Site "LE GRAND BORNAND"]
[Date "????.??.??"]
[Round "1.9"]
[White "Vandrisse, Marie"]
[Black "Henry, Laura"]
[Result "1/2-1/2"]
[WhiteElo "1330"]
[BlackElo "1606"]
[PlyCount "141"]

1. e4 e5 2. Nf3 Nc6 3. Nc3 Nf6 4. d3 d5 5. exd5 Nxd5 6. Bd2 Bc5 7. Be2 O-O 8.
O-O Re8 9. Bg5 Nxc3 10. bxc3 Be7 11. Be3 Bg4 12. Nxe5 Bxe2 13. Nxc6 Bxd1 14.
Nxd8 Rexd8 15. Raxd1 b5 16. Rfe1 Bf6 17. Bd2 c5 18. Rb1 a6 19. h3 Rab8 20. a3
c4 21. Red1 cxd3 22. cxd3 Rxd3 23. Bf4 Rbd8 24. Rxd3 Rxd3 25. a4 Rxc3 26. axb5
axb5 27. Rxb5 h6 28. Rb8+ Kh7 29. Rb7 Rc4 30. Be3 Kg6 31. g3 Bd4 32. Bxd4 Rxd4
33. Kg2 h5 34. Rb6+ Kh7 35. h4 f6 36. Rb5 Kh6 37. Kf3 Kg6 38. Ke3 Ra4 39. Rd5
f5 40. Rd6+ Kh7 41. Rd5 Re4+ 42. Kf3 g6 43. Rd7+ Kg8 44. Rd8+ Kg7 45. Rd7+ Kf6
46. Rc7 Ke6 47. Rg7 Kf6 48. Rd7 Re8 49. Rd6+ Re6 50. Rd8 Kf7 51. Rd7+ Re7 52.
Rd6 Re6 53. Rd7+ Kf6 54. Rd8 Ke7 55. Rg8 Kd6 56. Rd8+ Ke5 57. Rd2 Rd6 58. Re2+
Kf6 59. Kg2 Re6 60. Rd2 Ke7 61. Rb2 Re4 62. Rb7+ Kf6 63. Rb8 f4 64. f3 Re2+ 65.
Kh3 fxg3 66. Kxg3 Re5 67. Rf8+ Ke6 68. Re8+ Kf6 69. Rf8+ Ke6 70. Re8+ Kf6 71.
Rf8+ 1/2-1/2

[Event "Championnat de France des Jeunes - Pupil"]
[Site "LE GRAND BORNAND"]
[Date "????.??.??"]
[Round "1.10"]
[White "Belafkih, Kimia"]
[Black "Etienne, Alice"]
[Result "1-0"]
[WhiteElo "1600"]
[BlackElo "1320"]
[PlyCount "129"]

1. e4 d6 2. Nc3 Nf6 3. Bc4 g6 4. d4 Bg7 5. Nf3 Bg4 6. h3 Bxf3 7. Qxf3 O-O 8.
Bg5 h6 9. Bxf6 Bxf6 10. O-O-O e5 11. dxe5 Bxe5 12. Rd3 Qg5+ 13. Kb1 Nc6 14. Qg4
Bf6 15. Nd5 Bd8 16. Qxg5 Bxg5 17. Nxc7 Rac8 18. Nb5 Ne5 19. Nxd6 Nxd3 20. Nxc8
Nxf2 21. Rf1 Rxc8 22. Bd5 Be3 23. Re1 Bd2 24. Re2 Nxe4 25. Bxe4 Re8 26. Bf3
Rxe2 27. Bxe2 f5 28. Bf3 b6 29. Bd5+ Kg7 30. c4 h5 31. Kc2 Be3 32. b4 g5 33.
Kd3 Bf2 34. Ke2 Bg1 35. Kf3 g4+ 36. hxg4 hxg4+ 37. Kf4 Kf6 38. Bb7 Bh2+ 39. Ke3
f4+ 40. Kf2 Kg5 41. c5 bxc5 42. bxc5 Bg3+ 43. Ke2 Kh4 44. c6 f3+ 45. gxf3 gxf3+
46. Kxf3 Bc7 47. Ke4 Kg3 48. Kd5 Kf3 49. Ke6 Ke3 50. Kd7 Bb6 51. c7 Bxc7 52.
Kxc7 Kd3 53. Bd5 Kc3 54. Kb7 a5 55. Kb6 Kb4 56. Bc6 Ka3 57. Bd5 Kb4 58. Bb3 a4
59. Be6 Ka3 60. Kb5 Kb2 61. Kb4 a3 62. Bb3 Kb1 63. Kxa3 Kc1 64. Kb4 Kd2 65. a4
1-0

[Event "Championnat de France des Jeunes - Pupil"]
[Site "LE GRAND BORNAND"]
[Date "????.??.??"]
[Round "1.11"]
[White "Morlay, Benedicte"]
[Black "Fischer, Julie"]
[Result "0-1"]
[WhiteElo "1310"]
[BlackElo "1600"]
[PlyCount "46"]

1. e4 c5 2. Nc3 Nc6 3. Nf3 d6 4. h3 Bd7 5. Bc4 Nf6 6. d3 g6 7. Ng5 Ne5 8. Bb3
Bg7 9. Bf4 c4 10. Bxc4 Nxc4 11. dxc4 Qa5 12. Qd3 Bh6 13. O-O-O Bxg5 14. Bxg5
Qxg5+ 15. Rd2 Qxg2 16. Re1 Qxh3 17. Re3 Qh6 18. Nb5 Bxb5 19. cxb5 Ng4 20. Rg3
Qf4 21. Rf3 Qh2 22. Qd5 Qh1+ 23. Rd1 Qxf3 0-1

[Event "Championnat de France des Jeunes - Pupil"]
[Site "LE GRAND BORNAND"]
[Date "????.??.??"]
[Round "1.12"]
[White "Gan, Grace"]
[Black "Venet, Clemence"]
[Result "1-0"]
[WhiteElo "1600"]
[BlackElo "1310"]
[PlyCount "45"]

1. d4 d5 2. Nf3 Nc6 3. c4 dxc4 4. Nc3 Nf6 5. e3 Be6 6. Ng5 Bd5 7. e4 e6 8. exd5
exd5 9. Be2 Bb4 10. O-O O-O 11. Be3 h6 12. Nf3 Re8 13. a3 Bxc3 14. bxc3 Ng4 15.
Bf4 Qe7 16. Re1 Qd7 17. h3 Nf6 18. Ne5 Nxe5 19. Bxe5 Ne4 20. Qc2 Qf5 21. Bxc4
f6 22. Bxd5+ Kh8 23. Bxe4 1-0

[Event "Championnat de France des Jeunes - Pupil"]
[Site "LE GRAND BORNAND"]
[Date "????.??.??"]
[Round "1.13"]
[White "Fischer, Pauline"]
[Black "Griggio, Julie"]
[Result "0-1"]
[WhiteElo "1300"]
[BlackElo "1600"]
[PlyCount "82"]

1. e4 e6 2. d4 d5 3. exd5 exd5 4. Nf3 Nf6 5. Be2 Bd6 6. Bg5 Nbd7 7. Nc3 h6 8.
Bxf6 Nxf6 9. O-O O-O 10. Qd3 Re8 11. Rfe1 c6 12. Nh4 Ne4 13. Nf3 Bf5 14. Qd1
Bb4 15. a3 Nxc3 16. bxc3 Bxc3 17. Rb1 Bxe1 18. Nxe1 Qe7 19. Bf3 b6 20. h3 Qxa3
21. Rb3 Qe7 22. Kf1 Qxe1+ 23. Qxe1 Rxe1+ 24. Kxe1 Bxc2 25. Rb2 Bf5 26. g4 Bd7
27. Kd2 b5 28. Kc3 a5 29. Bd1 f5 30. Ra2 fxg4 31. hxg4 Kf7 32. f4 Kf6 33. Rf2
Ke7 34. Ra2 Kd6 35. f5 c5 36. dxc5+ Kxc5 37. Bc2 b4+ 38. Kb2 Bc6 39. Ba4 Bxa4
40. Rxa4 Kb5 41. Ra1 a4 0-1

[Event "Championnat de France des Jeunes - Pupil"]
[Site "LE GRAND BORNAND"]
[Date "????.??.??"]
[Round "1.14"]
[White "Pouillart, Cecile"]
[Black "Hideur, Celine"]
[Result "1-0"]
[WhiteElo "1600"]
[BlackElo "1300"]
[PlyCount "57"]

1. e4 e5 2. Nf3 Nc6 3. d4 Nf6 4. dxe5 Nxe4 5. Bc4 Nc5 6. Be3 d6 7. exd6 Qxd6 8.
Nc3 Qxd1+ 9. Rxd1 Bg4 10. Be2 Bd6 11. Nb5 O-O-O 12. Nxd6+ cxd6 13. O-O Na4 14.
Bb5 Nb6 15. Bxb6 axb6 16. Rd3 Rhe8 17. Rc3 Kc7 18. Nd4 Bd7 19. b4 Re4 20. Rd1
Kb8 21. Bxc6 Bxc6 22. Rxc6 Rde8 23. f3 Re1+ 24. Rxe1 Rxe1+ 25. Kf2 bxc6 26.
Kxe1 Kc7 27. Kd2 f6 28. Ne6+ Kd7 29. Nxg7 1-0

[Event "Championnat de France des Jeunes - Pupil"]
[Site "LE GRAND BORNAND"]
[Date "????.??.??"]
[Round "1.15"]
[White "Leick, Shirin"]
[Black "Andre, Severine"]
[Result "0-1"]
[WhiteElo "1300"]
[BlackElo "1590"]
[PlyCount "60"]

1. d4 Nf6 2. c4 e6 3. Nc3 Bb4 4. Bg5 d5 5. Nf3 O-O 6. e3 Nbd7 7. Ne5 Qe8 8.
Nxd7 Nxd7 9. Qg4 f6 10. Bh6 Qf7 11. Be2 Kh8 12. Bf4 e5 13. Bg3 Nc5 14. Qh4 exd4
15. Qxd4 Bxc3+ 16. bxc3 Ne4 17. O-O Nxg3 18. fxg3 dxc4 19. Bxc4 Be6 20. Bd3 a6
21. Qe4 g6 22. Qxb7 Bxa2 23. Be4 Bc4 24. Qb4 Rab8 25. Qa3 Bxf1 26. Rxf1 Qe6 27.
Bc2 Qxe3+ 28. Kh1 Qe2 29. Rc1 Rfd8 30. Qc5 Rd2 0-1

[Event "Championnat de France - Chamois"]
[Site "LE GRAND BORNAND"]
[Date "????.??.??"]
[Round "1.1"]
[White "Hoffer, Tristan"]
[Black "Veyrat, Louis"]
[Result "1-0"]
[WhiteElo "2032"]
[BlackElo "1520"]
[PlyCount "53"]

1. d4 d5 2. Nf3 Nc6 3. e3 Nf6 4. c4 Be6 5. Qb3 b6 6. Ng5 Na5 7. Qc2 Qd7 8. Nxe6
fxe6 9. Bd2 dxc4 10. Bxa5 bxa5 11. Bxc4 Qc6 12. O-O g6 13. Na3 Qd6 14. Nb5 Qb6
15. Nxc7+ Qxc7 16. Bb5+ Kd8 17. Qb3 Qb6 18. Qd3 a6 19. Ba4 Bg7 20. Rfc1 Nh5 21.
b3 Rf8 22. Rc6 Qb7 23. Rac1 Nf6 24. Rxe6 Qb4 25. Rxa6 Rxa6 26. Qxa6 Nd7 27.
Qc8# 1-0

[Event "Championnat de France - Chamois"]
[Site "LE GRAND BORNAND"]
[Date "????.??.??"]
[Round "1.2"]
[White "Colin, Phanie"]
[Black "Robert, Bastien"]
[Result "0-1"]
[WhiteElo "1510"]
[BlackElo "1988"]
[PlyCount "58"]

1. c4 e5 2. Nc3 Nc6 3. g3 g6 4. d3 d6 5. Bg2 Bd7 6. Nf3 Qc8 7. O-O Bh3 8. Rb1
Bxg2 9. Kxg2 Bg7 10. b4 Nge7 11. Bd2 f5 12. b5 Nb8 13. e4 O-O 14. Ne1 f4 15.
Nf3 h6 16. a4 Nd7 17. Ne2 g5 18. Ne1 Nc5 19. Nc1 g4 20. f3 h5 21. fxg4 hxg4 22.
gxf4 exf4 23. Rxf4 Rxf4 24. Bxf4 Ng6 25. Bg3 Qe6 26. Nb3 Nxe4 27. dxe4 Qxe4+
28. Nf3 gxf3+ 29. Qxf3 Qxb1 0-1

[Event "Championnat de France - Chamois"]
[Site "LE GRAND BORNAND"]
[Date "????.??.??"]
[Round "1.4"]
[White "Le Picard, Christopher"]
[Black "Muheim, Sebastien"]
[Result "0-1"]
[WhiteElo "1500"]
[BlackElo "1959"]
[PlyCount "24"]

1. d4 Nf6 2. Bg5 e6 3. e4 Be7 4. Nc3 c5 5. Nf3 Qb6 6. b3 cxd4 7. Qxd4 Bc5 8.
Qd2 Bb4 9. Qd3 Nxe4 10. Qc4 Qxf2+ 11. Kd1 Nxc3+ 12. Kc1 Ba3# 0-1

[Event "Championnat de France - Chamois"]
[Site "LE GRAND BORNAND"]
[Date "????.??.??"]
[Round "1.5"]
[White "Razanajato, Harenome"]
[Black "Civade, Alexandre"]
[Result "1-0"]
[WhiteElo "1941"]
[BlackElo "1490"]
[PlyCount "55"]

1. e4 e5 2. Nf3 Nc6 3. Bb5 a6 4. Ba4 b5 5. Bb3 Nf6 6. O-O Bc5 7. h3 d6 8. Re1
Ba7 9. c3 O-O 10. d4 Bb7 11. Bg5 h6 12. Bh4 Qe7 13. Bc2 Rad8 14. d5 Nb8 15.
Nbd2 c6 16. dxc6 Nxc6 17. Nf1 d5 18. exd5 Rxd5 19. Qxd5 Nxd5 20. Bxe7 Ndxe7 21.
Nxe5 Nxe5 22. Rxe5 Ng6 23. Bxg6 fxg6 24. Ne3 Kf7 25. Rd1 Kf6 26. Ng4+ Kf7 27.
Rd7+ Kg8 28. Rxb7 1-0

[Event "Championnat de France - Chamois"]
[Site "LE GRAND BORNAND"]
[Date "????.??.??"]
[Round "1.6"]
[White "Madeline, Paul"]
[Black "Auvray, Simon"]
[Result "0-1"]
[WhiteElo "1490"]
[BlackElo "1887"]
[PlyCount "64"]

1. e4 c5 2. Bc4 e6 3. Nc3 Nc6 4. Nf3 Nf6 5. d3 Be7 6. Bf4 a6 7. O-O O-O 8. Ne2
d5 9. exd5 exd5 10. Bb3 Be6 11. c4 d4 12. h3 Bd6 13. Bxd6 Qxd6 14. Ng3 Rfe8 15.
Ba4 Rab8 16. Bxc6 Qxc6 17. Re1 b5 18. b3 bxc4 19. bxc4 h6 20. Ne4 Nxe4 21. Rxe4
Bf5 22. Rxe8+ Qxe8 23. Ne1 Rb2 24. Qh5 Qc8 25. Qd1 Qe6 26. Qc1 Qe2 27. f3 Bxh3
28. Rb1 Rxa2 29. Rb8+ Kh7 30. Rb1 Bxg2 31. Kh2 Bf1+ 32. Kg3 Qh2+ 0-1

[Event "Championnat de France - Chamois"]
[Site "LE GRAND BORNAND"]
[Date "????.??.??"]
[Round "1.7"]
[White "Delory, Lucas"]
[Black "Romero, Vladimir"]
[Result "1-0"]
[WhiteElo "1880"]
[BlackElo "1480"]
[PlyCount "93"]

1. d4 d5 2. Nf3 Nf6 3. c4 c6 4. e3 Bf5 5. cxd5 cxd5 6. Nc3 e6 7. Bd2 a6 8. Qb3
Qc7 9. Rc1 Nc6 10. Qa4 Qa5 11. Qxa5 Nxa5 12. Nxd5 Nxd5 13. Bxa5 Bb4+ 14. Bxb4
Nxb4 15. a3 Nd5 16. Bc4 Rc8 17. Bb5+ Kd8 18. Rxc8+ Kxc8 19. Bc4 Nb6 20. Bb3 Bd3
21. Kd2 Bb5 22. Rc1+ Kb8 23. e4 Rd8 24. Ke3 h6 25. Nd2 g5 26. f3 h5 27. Rc5 Rg8
28. d5 exd5 29. Bxd5 Nxd5+ 30. Rxd5 f6 31. Rc5 b6 32. Rc3 g4 33. f4 g3 34. h3
Re8 35. b3 Kb7 36. Nc4 Re6 37. f5 Rc6 38. a4 Bxc4 39. Rxc4 Rxc4 40. bxc4 Kc6
41. Kf4 Kc5 42. Kxg3 Kxc4 43. e5 fxe5 44. f6 e4 45. f7 e3 46. f8=Q e2 47. Kf2
1-0

[Event "Championnat de France - Chamois"]
[Site "LE GRAND BORNAND"]
[Date "????.??.??"]
[Round "1.8"]
[White "Zychowski, Antoine"]
[Black "Genin, Maxime"]
[Result "0-1"]
[WhiteElo "1480"]
[BlackElo "1871"]
[PlyCount "56"]

1. e4 e5 2. Nf3 Nc6 3. d4 exd4 4. Nxd4 Bc5 5. Nxc6 Qf6 6. Qf3 Qxc6 7. Nc3 Ne7
8. Bc4 Bxf2+ 9. Qxf2 Qxc4 10. Qe3 O-O 11. Qd3 Qb4 12. O-O d6 13. a3 Qa5 14. b3
f5 15. Bb2 Be6 16. Qg3 Ng6 17. h4 Rf7 18. h5 f4 19. Qh2 Ne5 20. Qh4 f3 21. h6
Raf8 22. hxg7 Rxg7 23. Rf2 Qc5 24. Raf1 Rxg2+ 25. Kh1 Ng4 26. Rxg2 fxg2+ 27.
Kxg2 Ne3+ 28. Kh2 Nxf1+ 0-1

[Event "Championnat de France - Chamois"]
[Site "LE GRAND BORNAND"]
[Date "????.??.??"]
[Round "1.9"]
[White "Copin, Valentin"]
[Black "Ek, Jonathan"]
[Result "1-0"]
[WhiteElo "1867"]
[BlackElo "1470"]
[PlyCount "69"]

1. d4 d5 2. Nf3 Nc6 3. c4 e6 4. g3 Nf6 5. Nc3 Bb4 6. Bg2 h6 7. O-O Bxc3 8. bxc3
dxc4 9. Qa4 Bd7 10. Qxc4 Na5 11. Qd3 a6 12. Ne5 Bb5 13. c4 Bc6 14. Nxc6 Nxc6
15. e3 e5 16. d5 Na5 17. Bd2 b6 18. Bxa5 bxa5 19. Qc3 a4 20. Qxe5+ Kf8 21. Qd4
Qd6 22. c5 Qd7 23. e4 c6 24. Qxa4 cxd5 25. Qxd7 Nxd7 26. c6 Nf6 27. exd5 Ke7
28. Rac1 Kd6 29. c7 Rac8 30. Rc6+ Kd7 31. Bh3+ Ke7 32. Re1+ Kf8 33. Bxc8 Nxd5
34. Rd6 g5 35. Rxd5 1-0

[Event "Championnat de France - Chamois"]
[Site "LE GRAND BORNAND"]
[Date "????.??.??"]
[Round "1.10"]
[White "Tamburro, Raphael"]
[Black "Paoli, Guillaume"]
[Result "1-0"]
[WhiteElo "1460"]
[BlackElo "1861"]
[PlyCount "63"]

1. e4 e5 2. f4 Bc5 3. Nf3 d5 4. Nc3 Nf6 5. d3 dxe4 6. dxe4 Qxd1+ 7. Kxd1 Ng4 8.
Na4 Be3 9. Bxe3 Nxe3+ 10. Kd2 exf4 11. g3 Nxf1+ 12. Raxf1 fxg3 13. hxg3 Bd7 14.
Nc5 b6 15. Nxd7 Nxd7 16. Ng5 Ne5 17. Nxh7 O-O-O+ 18. Kc1 f6 19. b3 Rd4 20. Rf5
c5 21. Rfh5 Kc7 22. g4 Rhd8 23. g5 Rd2 24. Kb2 Re2 25. R1h3 Nc6 26. gxf6 Nd4
27. Rc3 gxf6 28. Nxf6 Re1 29. Ng4 Nb5 30. Rch3 Kb7 31. Rh7+ Ka6 32. a4 1-0